Kuwait First Level Subdivisions - Statistics

General Stats
  • This quiz has been taken 141 times
  • The average score is 4 of 6
Answer Stats
Muhāfazāt % Correct
Jahra
80%
Ahmadi
71%
Hawalli
71%
Mubarak Al-Kabeer
51%
Al Asimah
49%
Farwaniya
49%
No matching quizzes found
Score Distribution
Percent of People with Each Score
Percentile by Number Answered
Your Score History
You have not taken this quiz